[Event "GER-chT U10"]
[Site "Magdeburg"]
[Date "2014.12.27"]
[Round "1.1"]
[White "Gaertner, Martin"]
[Black "Hegemann, Erik"]
[Result "1-0"]
[WhiteElo "808"]
[BlackElo "1176"]
[PlyCount "75"]
[EventDate "2014.12.27"]
[EventType "team-swiss"]
[EventRounds "7"]
[EventCountry "GER"]
[SourceTitle "EXT 2016"]
[Source "ChessBase"]
[SourceDate "2015.10.08"]
[SourceVersion "1"]
[SourceVersionDate "2015.10.08"]
[SourceQuality "1"]
[WhiteTeam "Halle Volksbank"]
[BlackTeam "Raesfeld Erle"]
[WhiteTeamCountry "GER"]
[BlackTeamCountry "GER"]

1. e4 e5 2. Nf3 Nc6 3. Bc4 Bc5 4. b4 Bd4 5. c3 Bb6 6. d4 Qf6 7. Bg5 Qd6 8. Na3 a6 9. dxe5 Qxd1+ 10. Rxd1 h6 11. Bh4 g5 12. Bg3 g4 13. Nd4 Nxe5 14. Bxe5 f6 15. Bf4 d6 16. 0-0 Ne7 17. Rd2 f5 18. e5 Ng6 19. Be3 f4 20. Bxf4 Nxf4 21. e6 Bxd4 22. Rxd4 Bxe6 23. Rxf4 Bxc4 24. Nxc4 0-0-0 25. Rxg4 Rhe8 26. a4 h5 27. Rg5 Re4 28. Ne3 d5 29. Nxd5 Rc4 30. h3 c6 31. Nb6+ Kc7 32. Nxc4 b5 33. axb5 axb5 34. Rg7+ Kb8 35. Na5 h4 36. Nxc6+ Ka8 37. Nxd8 Kb8 38. Nc6+ 1-0